Szent Tamás álláspontja a pesszimizmussal szemben
Elmentve itt :
| Szerző: | |
|---|---|
| Adatforrás: | Philobibl |
| Forrásdokumentuma: | Bölcseleti Folyóirat 1889 469-485. p. |
| Dokumentumtípus: | Cikk |
| Nyelv: | magyar |
| LEADER | 00310nab a2200097 c 4500 | ||
|---|---|---|---|
| 001 | bibDOK00013517 | ||
| 005 | 20200924120836.5 | ||
| 008 | 060518s1889 xx hun | ||
| 100 | 1 | |a Steécz György | |
| 245 | 1 | 0 | |a Szent Tamás álláspontja a pesszimizmussal szemben |c Steécz György |
| 773 | 0 | |t Bölcseleti Folyóirat 1889 |g 469-485. p. | |